Sociálna funkcia pôdohospodárstva po roku 1990 v SR

Sociálna funkcia pôdohospodárstva v období hospodárskej krízy je dôležitá pre zvýšenie zamestnanosti na vidieku Slovenska. Chudoba na Slovensku sa viaže do regiónov s vysokou nezamestnanosťou a najvyššou výmerou poľnohospodárskej a lesnej pôdy. Práca metódou viackriteriálnej analýzy rozptylu poukazu...

Descrizione completa

Salvato in:
Dettagli Bibliografici
Autore principale: Petrášová, Viera
Altri autori: Valach, Maroš
Natura: Capitolo di libro
Lingua:slovacco
Soggetti:
Tags: Aggiungi Tag
Nessun Tag, puoi essere il primo ad aggiungerne!!

MARC

LEADER 00000nla a2200000 4500
001 0168715
005 20220722102032.0
041 0 |a slo 
044 |a SK 
245 1 0 |a Sociálna funkcia pôdohospodárstva po roku 1990 v SR  |c Viera Petrášová, Maroš Valach 
520 |a Sociálna funkcia pôdohospodárstva v období hospodárskej krízy je dôležitá pre zvýšenie zamestnanosti na vidieku Slovenska. Chudoba na Slovensku sa viaže do regiónov s vysokou nezamestnanosťou a najvyššou výmerou poľnohospodárskej a lesnej pôdy. Práca metódou viackriteriálnej analýzy rozptylu poukazuje na vzťah medzi zamestnanosťou a podielom poľnohospodárskej a lesnej pôdy, stupňom urbanizácie na úrovni kraja SR. Popisuje budúce potenciálne zmeny regionálnej hospodárskej politiky. 
610 2 0 |a Slovensko 
610 2 0 |a regióny 
610 2 0 |a vidiek 
610 2 0 |a chudoba 
610 2 0 |a nezamestnanosť 
610 2 0 |a politika regionálna 
610 2 0 |a pôda 
610 2 0 |a lesy 
610 2 0 |a zamestnanosť 
100 1 |a Petrášová, Viera 
700 1 |a Valach, Maroš